Catalog

Record Details

Catalog Search



Available copies

  • 2 of 2 copies available at LARL/NWRL Consortium.
  • 1 of 1 copy available at Lake Agassiz Regional Library. (Show)

Current holds

0 current holds with 2 total copies.

Show Only Available Copies
Location Call Number / Copy Notes Barcode Shelving Location Status Due Date
Breckenridge Public Library Y SEB (Text) 33500012682803 Main Available -
Roseau Public Library ya SEB (Text) 35500006043671 Main Available -

Record details

  • ISBN: 9781524767068
  • ISBN: 1524767069
  • ISBN: 9781524767075
  • ISBN: 1524767077
  • ISBN: 9780525578260
  • ISBN: 0525578269
  • Physical Description: pages cm
  • Edition: First edition.
  • Publisher: New York : Delacorte Press, [2018]

Content descriptions

Summary, etc.:
Held captive by the brutal Kaiser since age six ... Read More
Subject: Princesses > Juvenile fiction.
Princesses > Fiction.
Courts and courtiers > Fiction.
Kings, queens, rulers, etc. > Fiction.
Prisoners > Fiction.
Fantasy.
Princesses.
Genre: Fiction.
Juvenile works.
LDR 01928cam a22005418i 4500
001275737
003LARL_NWRL_CONSORTIUM
00520190222212113.0
008170711s2018 nyu d 000 1 eng
010 . ‡a 2017024454
040 . ‡aDLC ‡beng ‡erda ‡cDLC ‡dYDX ‡dBDX ‡dORX ‡dOCLCF ‡dOCLCQ ‡dOCLCO
019 . ‡a999442748
020 . ‡a9781524767068 ‡q(hc)
020 . ‡a1524767069 ‡q(hc)
020 . ‡a9781524767075 ‡q(glb)
020 . ‡a1524767077 ‡q(glb)
020 . ‡a9780525578260 ‡q(intl. tr. pbk.)
020 . ‡a0525578269 ‡q(intl. tr. pbk.)
035 . ‡a(OCoLC)999444030 ‡z(OCoLC)999442748
042 . ‡apcc ‡alcac
08200. ‡a[Fic] ‡223
1001 . ‡aSebastian, Laura, ‡eauthor. ‡0(LARL_NWRL_CONSORTIUM)225588
24510. ‡aAsh Princess. ‡n#1 / ‡cLaura Sebastian.
250 . ‡aFirst edition.
264 1. ‡aNew York : ‡bDelacorte Press, ‡c[2018]
300 . ‡apages cm
336 . ‡atext ‡btxt ‡2rdacontent
337 . ‡aunmediated ‡bn ‡2rdamedia
338 . ‡avolume ‡bnc ‡2rdacarrier
4900 . ‡aAsh princess ; ‡v1
520 . ‡aHeld captive by the brutal Kaiser since age six when she witnessed her mother's murder, Theodosia, called Ash Princess, is now sixteen and prepared to reclaim the throne by any means necessary.
650 0. ‡aPrincesses ‡vJuvenile fiction. ‡0(LARL_NWRL_CONSORTIUM)166862
650 1. ‡aPrincesses ‡vFiction. ‡0(LARL_NWRL_CONSORTIUM)166712
650 1. ‡aCourts and courtiers ‡vFiction. ‡0(LARL_NWRL_CONSORTIUM)164471
650 1. ‡aKings, queens, rulers, etc. ‡vFiction.
650 1. ‡aPrisoners ‡vFiction. ‡0(LARL_NWRL_CONSORTIUM)166538
650 1. ‡aFantasy. ‡0(LARL_NWRL_CONSORTIUM)19981
650 7. ‡aPrincesses. ‡2fast ‡0(LARL_NWRL_CONSORTIUM)28812
655 7. ‡aFiction. ‡2fast
655 7. ‡aJuvenile works. ‡2fast
905 . ‡uvanderl
901 . ‡a275737 ‡b ‡c275737 ‡tbiblio ‡soclc

Additional Resources